| 000 | 00479cam a2200181ua 4500 | ||
|---|---|---|---|
| 001 | 3354 | ||
| 008 | 111019n ii |||gr||||Z||||||asm | ||
| 040 | _cMAIN | ||
| 082 | _a891.451 | ||
| 100 |
_aHazarika, Karabi Deka, _eEdited., |
||
| 245 | 1 | 1 |
_aPraval dweepar dore _ced. by Karabi Deka Hazarika |
| 250 | _a1st. | ||
| 260 |
_aDibrugarh: _bDibrugarh university, _c2003. |
||
| 300 |
_a214p: _bill; _c23cm. |
||
| 653 | _aAssamese essay | ||
| 653 | _aPraval dweepar dore | ||
| 942 | _cBK | ||
| 999 |
_c3199 _d3199 |
||